Discrete Hamiltonian systems : difference equations, continued fractions and Riccati equations
Αποθηκεύτηκε σε:
| Κύριος συγγραφέας: | |
|---|---|
| Άλλοι συγγραφείς: | |
| Μορφή: | Βιβλίο |
| Γλώσσα: | English |
| Δημοσίευση: |
Dordrecht ; Boston :
Kluwer Academic Publishers,
c1996
|
| Σειρά: | Kluwer texts in the mathematical sciences ;
; v. 16 |
| Θέματα: | |
| Ετικέτες: |
Προσθήκη ετικέτας
Δεν υπάρχουν, Καταχωρήστε ετικέτα πρώτοι!
|
MARC
| LEADER | 00000nam a2200000 i 4500 | ||
|---|---|---|---|
| 001 | 1/7597 | ||
| 008 | 000622s1996 eng d | ||
| 020 | |a 0-7923-4277-1 | ||
| 035 | |l 10062341 | ||
| 040 | |a GR-MY-UA |b gre |e aacr | ||
| 041 | 0 | |a eng | |
| 082 | 0 | |a 514.74 |2 (20) | |
| 100 | 1 | |a Ahlbrandt, Calvin D. | |
| 245 | 1 | 0 | |a Discrete Hamiltonian systems : |b difference equations, continued fractions and Riccati equations / |c by Calvin D. Ahlbrandt and Allan C. Peterson |
| 260 | |a Dordrecht ; Boston : |b Kluwer Academic Publishers, |c c1996 | ||
| 300 | |a xiv, 374 p.; |c 25 cm. | ||
| 490 | 1 | |a Kluwer texts in the mathematical sciences |v ; v. 16 | |
| 504 | |a Includes bibliographical references and index | ||
| 650 | 0 | 0 | |a Hamiltonian systems. |
| 700 | 1 | |a Peterson, Allan C. | |
| 830 | 0 | |a Kluwer texts in the mathematical sciences ; |v ; v. 16 | |
| 852 | |a INST |b SAMOS |e 20000622 |h 514.74 AHL |p 005300023225 |q 005300023225 |t BK |y 0 | ||
| 901 | |a BIBL3-2000-2 | ||
| 909 | |a Σ |b 080220 | ||
| 922 | |a 3ΕΛΗ |b 200004 |c ΚΠΣ |d GLORY | ||
| 950 | |a 116-1999-12-22 | ||
| 970 | |a ΚΟΣΙΕΡΗΣ |b ΧΡΗΣΤΟΣ |z 2000/06/22 | ||